000 01247nam a2200241Ia 4500
003 Ost
005 20260507075529.0
008 260507s9999||||xx |||||||||||||| ||und||
040 _cfsecg
041 _aara
082 _a658.4
100 _aالسالمي، علاء
_eمؤلف
245 0 _aأساسيات نظم المعلومات الإدارية /
_c علاء السالمي
260 _aعمان:
_bدار المناهج للنشر والتوزيع,
_c2009
300 _a292 صفحة؛
_bإيضاحات ؛
_c24 سم
504 _aبيبليوغرافيا: ص ص.289-292
520 _aيضم المعلومات والإدارة، النظام، نظم المعلومات الإدارية، منهجية تطوير نظم المعلومات الإدارية، كفاءة أداء نظم المعلومات الإدارية، تطوير نظم المعلومات الإدارية وأنواعها، نظم المعلومات الوظيفية، إدارة نظم المعلومات الإدارية
653 _aالإدارة
653 _aالإدارة بالمعلومات
653 _aنظم المعلومات- المؤسسة الممتدة
700 _aالبياتي، هلال
_eمؤلف ثانوي
942 _cكتاب
999 _c44813
_d44813